<?xml version="1.0" encoding="UTF-8"?>
<record
    xmlns:xsi="http://www.w3.org/2001/XMLSchema-instance"
    xsi:schemaLocation="http://www.loc.gov/MARC21/slim http://www.loc.gov/standards/marcxml/schema/MARC21slim.xsd"
    xmlns="http://www.loc.gov/MARC21/slim">

  <leader>00353nam a22001217a 4500</leader>
  <datafield tag="040" ind1=" " ind2=" ">
    <subfield code="c">HS</subfield>
  </datafield>
  <datafield tag="082" ind1=" " ind2=" ">
    <subfield code="a">352</subfield>
  </datafield>
  <datafield tag="100" ind1=" " ind2=" ">
    <subfield code="a">NA</subfield>
  </datafield>
  <datafield tag="245" ind1=" " ind2=" ">
    <subfield code="a">&#x179F;&#x17C0;&#x179C;&#x1797;&#x17C5;&#x178E;&#x17C2;&#x1793;&#x17B6;&#x17C6;&#x179F;&#x17D2;&#x178F;&#x17B8;&#x1796;&#x17B8;&#x1780;&#x17B6;&#x179A;&#x1782;&#x17D2;&#x179A;&#x1794;&#x17CB;&#x1782;&#x17D2;&#x179A;&#x1784;&#x1782;&#x178E;&#x1793;&#x17C1;&#x1799;&#x17D2;&#x1799; &#x1793;&#x17B7;&#x1784; &#x17A0;&#x17B7;&#x179A;&#x1789;&#x17D2;&#x1789;&#x179C;&#x178F;&#x17D2;&#x1790;&#x17BB;</subfield>
  </datafield>
  <datafield tag="260" ind1=" " ind2=" ">
    <subfield code="a">Cambodia</subfield>
    <subfield code="b">NA</subfield>
    <subfield code="c">NA</subfield>
  </datafield>
  <datafield tag="300" ind1=" " ind2=" ">
    <subfield code="a">273p;</subfield>
  </datafield>
  <datafield tag="942" ind1=" " ind2=" ">
    <subfield code="c">KB</subfield>
  </datafield>
  <datafield tag="999" ind1=" " ind2=" ">
    <subfield code="c">10288</subfield>
    <subfield code="d">10288</subfield>
  </datafield>
  <datafield tag="952" ind1=" " ind2=" ">
    <subfield code="0">0</subfield>
    <subfield code="1">0</subfield>
    <subfield code="4">0</subfield>
    <subfield code="6">352_000000000000000_NA_NA_C196</subfield>
    <subfield code="7">0</subfield>
    <subfield code="9">52955</subfield>
    <subfield code="a">LBC</subfield>
    <subfield code="b">LBC</subfield>
    <subfield code="c">C196</subfield>
    <subfield code="d">2016-10-08</subfield>
    <subfield code="o">352 NA NA C196</subfield>
    <subfield code="p">A02278</subfield>
    <subfield code="r">2016-10-08</subfield>
    <subfield code="y">KB</subfield>
  </datafield>
</record>
